000 00873nam a22002417a 4500
999 _c8404
_d8404
003 AR-CdUCM
008 190325b ||||| |||| 00| 0 spa d
040 _aMUNICIPALIDAD PROVINCIAL DEL CUSCO
_cBIBLIOTECA MUNICIPAL DEL CUSCO
041 _hita
082 _a300 /
_bG77
100 _aGramsci, Antonio
_923588
245 _aLa Formación de los Intelectuales /
260 _aMadrid :
_bGrijalbo S. A. ;
_c1967.
300 _a159 páginas ;
_c18cm
440 _aColección 70
_n2
_923589
505 _aContenido: La formación de los intelectuales -- Problemas de filosofía e historia -- Arte y cultura -- Algunos criterios sobe¿re el juicio literario...
650 _aArte y cultura
_923590
650 _aIntelectual
_923591
650 _aCrítica literaria
_92609
700 _aGonzález Vega, Angel (traducción)
_923592
942 _2ddc
_cLIBROS
945 _anom